Chambers English Vocabulary (Record no. 210670)

MARC details
000 -LEADER
fixed length control field 00507nam a2200169 4500
005 - DATE AND TIME OF LATEST TRANSACTION
control field 20250402151953.0
010 ## - LCCN (DPL NO)
LC control number ENG-144442
020 ## - INTERNATIONAL STANDARD BOOK NUMBER
International Standard Book Number 9789357315012
Terms of availability 599.00
035 ## - SYSTEM CONTROL NUMBER
System control number EN-127974
037 ## - SOURCE OF ACQUISITION
Source of stock number/acquisition DBAD
082 ## - DEWEY DECIMAL CLASSIFICATION NUMBER
Classification number 499.8
245 ## - TITLE STATEMENT
Title Chambers English Vocabulary
260 ## - PUBLICATION, DISTRIBUTION, ETC. (IMPRINT)
Place of publication, distribution, etc Gurugram
Name of publisher, distributor, etc Hachette Books Publishing
Date of publication, distribution, etc 2024
270 ## - ADDRESS
Address 4th and 5th Floor, Corporate Centre, Plot No.-94, Sector 44,
City Gurugram
Postal code 122003
300 ## - PHYSICAL DESCRIPTION
Extent 354p.
Dimensions 23cm(pb)
942 ## - ADDED ENTRY ELEMENTS (KOHA)
Source of classification or shelving scheme Dewey Decimal Classification
Item type English Books
Classification part 433.8
Call number suffix ENG
Holdings
Withdrawn status Lost status Not for loan Collection code Home library Current library Date acquired Source of acquisition Cost, normal purchase price Full call number Barcode Copy number Cost, replacement price Koha item type
      Non-fiction Mobile Library Mobile Library 02/04/2025 Delivery of Books Act Division 599.00 433.8 ENG EN-127974 1 599.00 English Books

© Delhi Public Library
Hit Counter
free hit counter